| 000 | 00752nam a22002297a 4500 | ||
|---|---|---|---|
| 005 | 20170124105957.0 | ||
| 010 | _aA-678926 | ||
| 020 |
_c380.00 _a8170621852 |
||
| 035 | _aA-678926 | ||
| 037 | _bCen Lib/Ret | ||
| 040 |
_aDPL _bEN |
||
| 082 |
_a355.09 _bGAY |
||
| 100 |
_aGaylor, John _914884 |
||
| 245 |
_aSons of john company : _cby John Gaylor _bthe indian and pakistan armies 1903-1991 / |
||
| 260 |
_aNew Delhi _bLancer International _c1993 |
||
| 270 |
_bNew Delhi _e110049 _aB-3, gulmohar park |
||
| 300 |
_axi, 379p. : _c21cm(Hb) |
||
| 500 | _aIncludes appendix and index | ||
| 650 |
_aMilitary historical aspects _zIndia-Pakistan _914885 |
||
| 650 |
_aDiplomatic relation _987941 |
||
| 942 |
_2ddc _cEN _h355.09 _mGAY |
||
| 999 |
_c125595 _d125595 |
||